000
00262nam a2200097Ia 4500
001
689917
005
20250826161806.0
008
250824s9999 xx 000 0 und d
245
0
_a
KAYIP ARANIYOR
_c
SAİT FAİK ABASIYANIK
260
_b
TÜRKİYE İŞ BANKASI YAYINLARI
999
_c
689917
_d
689917